[Event "OMA-chT 6th"]
[Site "Muscat"]
[Date "2023.08.09"]
[Round "8.3"]
[White "Al Farsi, Mohammed Ali"]
[Black "Al Hanai, Said Hashil"]
[Result "1-0"]
[WhiteElo "1444"]
[BlackElo "1392"]
[PlyCount "123"]
[EventDate "2023.08.03"]
[EventType "team-swiss"]
[EventRounds "9"]
[EventCountry "OMN"]
[SourceTitle "EXT 2024"]
[Source "ChessBase"]
[SourceDate "2023.10.10"]
[SourceVersion "1"]
[SourceVersionDate "2023.10.10"]
[SourceQuality "1"]
[WhiteTeam "Quritat"]
[BlackTeam "Al Salam"]
[WhiteTeamCountry "OMN"]
[BlackTeamCountry "OMN"]

1. d4 Nf6 2. c4 e6 3. Nc3 Bb4 4. Bg5 Bxc3+ 5. bxc3 d5 6. e3 Nbd7 7. Nf3 h6 8. Bh4 0-0 9. cxd5 exd5 10. Bd3 Qe8 11. Bg3 Ne4 12. Bxc7 Qe6 13. Qc2 Ndf6 14. Bxe4 Nxe4 15. Nd2 Qg4 16. Nxe4 Qxg2 17. Ng3 Qf3 18. Qe2 Qf6 19. Ba5 b6 20. Bb4 Re8 21. a4 Qc6 22. a5 bxa5 23. Rxa5 Bh3 24. Qf3 Qc4 25. Qxd5 Qd3 26. Qa2 Bg2 27. Qd2 Qb1+ 28. Qd1 Qb2 29. Rg1 Bh3 30. Ra1 Rac8 31. Qb1 Rxe3+ 32. fxe3 Qxh2 33. Ne2 Re8 34. Kd2 Qf2 35. Rxg7+ Kxg7 36. Qg1+ Qxg1 37. Rxg1+ Kf6 38. Rh1 Bf5 39. Rxh6+ Bg6 40. Rh4 Kg5 41. Rf4 f5 42. Nc1 a6 43. Nd3 Rh8 44. Be7+ Kh6 45. Rh4+ Bh5 46. Nf4 Re8 47. Rxh5+ Kg7 48. Bb4 a5 49. Bxa5 Rb8 50. Rxf5 Rb2+ 51. Kd3 Rb1 52. c4 Rb3+ 53. Ke4 Ra3 54. Bb6 Ra4 55. c5 Ra3 56. c6 Rb3 57. c7 Rxb6 58. c8Q Kh7 59. Qe8 Rb7 60. Qh5+ Kg7 61. Qg6+ Kh8 62. Rf8# 1-0

[Event "OMA-ch 10th"]
[Site "Muscat"]
[Date "2023.02.21"]
[Round "7"]
[White "Al Farsi, Mohammed Ali"]
[Black "Al Mamari, Ali Abdullah"]
[Result "0-1"]
[WhiteElo "1575"]
[BlackElo "1503"]
[PlyCount "104"]
[EventDate "2023.02.16"]
[EventType "swiss"]
[EventRounds "9"]
[EventCountry "OMN"]
[SourceTitle "EXT 2024"]
[Source "ChessBase"]
[SourceDate "2023.10.10"]
[SourceVersion "1"]
[SourceVersionDate "2023.10.10"]
[SourceQuality "1"]

1. b3 d5 2. e3 e5 3. Bb2 Bd6 4. f4 exf4 5. Bxg7 Qh4+ 6. g3 fxg3 7. Nf3 g2+ 8. Nxh4 gxh1Q 9. Qe2 Bxh2 10. Qg2 Qxg2 11. Nxg2 Bg3+ 12. Kd1 Bg4+ 13. Kc1 h5 14. Bxh8 h4 15. Nf4 c6 16. Bh3 Bxh3 17. Nxh3 f6 18. Nc3 Kf7 19. Kb2 Nd7 20. Rf1 Nh6 21. Bxf6 Nxf6 22. Ne2 Ke7 23. Nef4 Rg8 24. Kc3 Ne4+ 25. Kd3 Ng4 26. Ke2 Bh2 27. Kd1 Nc3+ 28. Kc1 Nxa2+ 29. Kb2 Nb4 30. Ra1 Na6 31. Ra4 Nf6 32. c4 dxc4 33. Rxc4 Nc7 34. b4 Bg3 35. b5 Nxb5 36. Rc5 Nc7 37. Re5+ Kd6 38. Rf5 Nfd5 39. Nd3 Ne6 40. Kc2 Rf8 41. Rh5 Nc5 42. Nxc5 Kxc5 43. e4 Kd4 44. exd5 cxd5 45. Ng5 Rc8+ 46. Kd1 a5 47. Nf3+ Kc4 48. Nxh4 Bxh4 49. Rxh4+ Kb3 50. Rh3+ Kb2 51. Rd3 Rc5 52. Ke2 b5 0-1